| 000 | 00686nam a22001937a 4500 | ||
|---|---|---|---|
| 999 |
_c192458 _d192458 |
||
| 005 | 20220922122203.0 | ||
| 010 | _aENG-135190 | ||
| 020 |
_a9789352535309 _c250.00 |
||
| 035 | _aEN-118714 | ||
| 037 | _bDBAD/PUB | ||
| 082 | _a581 | ||
| 100 | _aPandey, B P. | ||
| 245 |
_aBotany For Degree students: _bPlant Physiology and Metabolism/ _cB P Pandey |
||
| 260 |
_aDelhi _bS. Chand _c2018 |
||
| 270 |
_a7361, Ram Nagar, Qutab Road _bNew Delhi _e110055 _k23672080-81-82, 66672000 _l91-11-23677446 _minfo@schandpublishing.com |
||
| 300 |
_a72p. _c24cm.(pbk) _bGlossary |
||
| 500 | _aBSc Semester IV As Per UGC Choice Based Credit System(CBCS) | ||
| 942 |
_cEN _h581 _2ddc _mPAN |
||